NIIF y toma de decisiones. Análisis por sectores (Registro nro. 11526)

Detalles MARC
000 -LEADER
fixed length control field 00319 a2200109 4500
001 - CONTROL NUMBER
control field ART_6755
005 - DATE AND TIME OF LATEST TRANSACTION
control field 20260410161621.0
008 - FIXED-LENGTH DATA ELEMENTS--GENERAL INFORMATION
fixed length control field 260409a
100 1# - MAIN ENTRY--PERSONAL NAME
Personal name García Fronti, Inés M.
245 10 - TITLE STATEMENT
Title NIIF y toma de decisiones. Análisis por sectores
773 0# - HOST ITEM ENTRY
Title Enfoques
Related parts - Nº 4 (abr. 2010)
Record control number REV416

No hay ítems disponibles.